000 00482nam a2200205Ia 4500
008 230125s9999 xx 000 0 und d
020 _a978-81-8495-981-9
041 _aeng
082 _a920.72
_bLEK
100 _aLekhi N
_9117260
245 _aBag It All
250 _a1st Ed.
260 _c2017
_bJaico Publishing House
_aMumbai
300 _a214p
440 _v1
650 _aBiography-Women
700 _aLekhi N
_9117260
906 _b27
999 _c95005
_d95005